000 00320nam a22001337a 4500
008 181102b xxu||||| |||| 00| 0 eng d
020 _a9780672315909
041 _aeng
080 _a004
100 _a28
101 _aSHKI
245 _aVisual Basic Programmer's Guide to the Win32 API
_cAppleman, D
942 _2udc
_cBK
999 _c51667
_d51667